| 000 | 00465cam a2200181ua 4500 | ||
|---|---|---|---|
| 020 | _c35.00 | ||
| 041 |
_aeng _h |
||
| 082 |
_a632.3 _bSOH/DI |
||
| 100 | _aSohi, H S . | ||
| 245 |
_aDiseases of ornamental plants in India / _cH S Sohi. _hTextual Documents |
||
| 250 |
_a1 / _b. |
||
| 260 |
_aNew Delhi : _bIndian Council for Agricultural Research , _c1992. |
||
| 300 | _a195 ; . | ||
| 365 | _a35.00 | ||
| 504 | _a | ||
| 942 | _cBK | ||
| 999 |
_c9355 _d9355 |
||